Probability models for computer science (Record no. 179215)

000 -LEADER
fixed length control field 00371nam a2200133Ia 4500
008 - FIXED-LENGTH DATA ELEMENTS--GENERAL INFORMATION
fixed length control field 220217s9999||||xx |||||||||||||| ||und||
020 ## - INTERNATIONAL STANDARD BOOK NUMBER
International Standard Book Number 978-81-312-0307-1
082 ## - DEWEY DECIMAL CLASSIFICATION NUMBER
Classification number 003.3 ROS
100 ## - MAIN ENTRY--PERSONAL NAME
Personal name Ross, Sheldon, M
245 #0 - TITLE STATEMENT
Title Probability models for computer science
260 ## - PUBLICATION, DISTRIBUTION, ETC.
Place of publication, distribution, etc. Academic press
Name of publisher, distributor, etc. Noida
Date of publication, distribution, etc. 2009
300 ## - PHYSICAL DESCRIPTION
Extent XII, 288p.
Other physical details 350
650 ## - SUBJECT ADDED ENTRY--TOPICAL TERM
Topical term or geographic name entry element MATHEMATICS
Holdings
Withdrawn status Lost status Damaged status Not for loan Collection code Home library Current library Shelving location Date acquired Full call number Barcode Date last seen Price effective from Koha item type
        Mechanical Engineering Central Library Central Library Book Cart 02/18/2022 003.3 ROS 14404 02/18/2022 02/18/2022 Books

Powered by Koha